Countries with text on their flag #1 - Statistics

General Stats
  • This quiz has been taken 8 times
  • The average score is 16 of 17
Answer Stats
Picture Answer % Correct
Brazil
100%
Dominican Republic
100%
Egypt
100%
Equatorial Guinea
100%
Malta
100%
Saudi-Arabia
100%
Andorra
88%
Belize
88%
Brunei
88%
El Salvador
88%
Guatemala
88%
Haïti
88%
Iraq
88%
Nicaragua
88%
Paraguay
88%
San Marino
88%
Afghanistan
75%
No matching quizzes found
Score Distribution
Percent of People with Each Score
Percentile by Number Answered
Your Score History
You have not taken this quiz